Any pont entre dues legislatures /
Gardado en:
| Autor Principal: | |
|---|---|
| Formato: | Texto |
| Etiquetas: |
Engadir etiqueta
Sen Etiquetas, Sexa o primeiro en etiquetar este rexistro!
|
MARC
| LEADER | 00000 a a2200000 04500 | ||
|---|---|---|---|
| 001 | 43843 | ||
| 003 | |||
| 040 | |||
| 100 | |a Domínguez Garcia, Fernando | ||
| 245 | |a Any pont entre dues legislatures / |c Fernando Domínguez Garcia | ||
| 773 | |g (2010), páginas 43-74 : tablas, gráficos | ||
| 999 | |c 22791 |d 22791 | ||
